000 00333nam a2200133Ia 4500
008 191201s2019 xx 000 0 und d
082 _a616.079 RET
100 _aRajeshwar, Reddy.K
245 0 _aText Book of Immunology
260 _bAITBS Pub.
_aNew Delhi
_c2019
300 _a290
650 _aPharmacotheraputics
942 _2ddc
_cBK
999 _c8399
_d8399